000
00314nam a22001337a 4500
008
181017b xxu||||| |||| 00| 0 eng d
020
_a
0231052928
041
_a
eng
080
_a
370
100
_a
47
101
_a
EDU
245
_a
Writing And Exprience Of Limits Of Limits
_c
Sollers.P
942
_2
udc
_c
BK
999
_c
49957
_d
49957